Vergleichende Pharmakologie von Überträgersubstanzen in tiersystematischer Darstellung /

Hlavní autor: Fischer, Hans
Jazyk: Němčina
Vydáno: Berlin : Springer-Verlag, 1971
Edice: Handbuch der experimentellen Pharmakologie
Fyzický popis: 27, 1074 s.
Knihy
Uloženo v:
LEADER 00784nam a22002292a 4500
001 001771137
003 CZ BrMZK
005 20200929102516.0
007 ta
008 200929s1971 gw er|||||||||||ger d
040 |a BOA001  |b cze  |e aacr2 
100 1 |a Fischer, Hans  |4 aut 
245 1 0 |a Vergleichende Pharmakologie von Überträgersubstanzen in tiersystematischer Darstellung /  |c Hans Fischer 
260 |a Berlin :  |b Springer-Verlag,  |c 1971 
300 |a 27, 1074 s. 
490 1 |a Handbuch der experimentellen Pharmakologie,  |v Bd. 26 
504 |a Obsahuje bibliografie 
830 0 |a Handbuch der experimentellen Pharmakologie 
910 |a BOA001  |b 3-0663.599 
990 |a BK 
991 |b 202009 
996 7 |b 2618895332  |c 3-0663.599  |l MZK  |r Sklad / do 1 hodiny  |n 0  |w 001829066  |u 000010  |a 1  |e BOA001  |j MZK50  |s A